[Event "Dvorkovich Memorial op"]
[Site "Taganrog"]
[Date "2014.01.22"]
[Round "5"]
[White "Sarana, Alexey"]
[Black "Kotenko, Pavel"]
[Result "1-0"]
[WhiteElo "2283"]
[BlackElo "2353"]
[PlyCount "127"]
[EventDate "2014.01.18"]
[EventType "swiss"]
[EventRounds "9"]
[EventCountry "RUS"]
[SourceTitle "CBM 158 Extra"]
[Source "ChessBase"]
[SourceDate "2014.02.28"]
[SourceVersion "1"]
[SourceVersionDate "2014.02.28"]
[SourceQuality "1"]

1. e4 e5 2. Nf3 Nc6 3. Bb5 a6 4. Ba4 Nf6 5. 0-0 Nxe4 6. d4 b5 7. Bb3 d5 8. dxe5 Be6 9. Nbd2 Nc5 10. c3 Be7 11. Bc2 Bg4 12. h3 Bh5 13. Re1 0-0 14. Nb3 Ne6 15. Bf5 Re8 16. Qd3 Bg6 17. Nfd4 Ncxd4 18. Nxd4 Bf8 19. Qg3 Nxd4 20. Bxg6 Nf3+ 21. Qxf3 hxg6 22. Bf4 c6 23. g3 Qd7 24. h4 Qf5 25. Kg2 Rad8 26. Rad1 Rd7 27. Re2 Be7 28. Rh1 c5 29. e6 fxe6 30. Re5 Qf7 31. h5 Bf6 32. hxg6 Qxg6 33. Reh5 e5 34. Bg5 Re6 35. Be3 c4 36. Rh8+ Kf7 37. R1h4 Re8 38. Rg4 Qd3 39. Rxg7+ Kxg7 40. Rxe8 Qg6 41. Re6 Rd8 42. Rxa6 d4 43. cxd4 exd4 44. Bf4 Qf5 45. Bh6+ Kg6 46. Qxf5+ Kxf5 47. g4+ Kg6 48. Bd2 Kf7 49. g5 Be5 50. Rb6 Rd5 51. Kf3 c3 52. bxc3 dxc3 53. Be3 Bd4 54. Bxd4 Rxd4 55. Rxb5 Rd3+ 56. Ke4 Rd2 57. f4 Rxa2 58. Rc5 c2 59. Kd3 Ra4 60. Rf5+ Ke6 61. Rf6+ Kd5 62. Kxc2 Ke4 63. g6 Ra2+ 64. Kc3 1-0

[Event "Dvorkovich Memorial op"]
[Site "Taganrog"]
[Date "2014.01.18"]
[Round "1"]
[White "Yakimenko, Viktoria"]
[Black "Kotenko, Pavel"]
[Result "0-1"]
[WhiteElo "1935"]
[BlackElo "2353"]
[PlyCount "72"]
[EventDate "2014.01.18"]
[EventType "swiss"]
[EventRounds "9"]
[EventCountry "RUS"]
[SourceTitle "CBM 158 Extra"]
[Source "ChessBase"]
[SourceDate "2014.02.28"]
[SourceVersion "1"]
[SourceVersionDate "2014.02.28"]
[SourceQuality "1"]

1. e4 e5 2. Nf3 Nc6 3. Bb5 a6 4. Ba4 Nf6 5. 0-0 Nxe4 6. d4 b5 7. Bb3 d5 8. dxe5 Be6 9. c3 Bc5 10. Qe2 0-0 11. Be3 Re8 12. Rd1 Ne7 13. Nd4 Bb6 14. Bc2 Qc8 15. b4 Nf5 16. Bf4 Nxc3 17. Nxc3 Nxd4 18. Qd2 Nxc2 19. Qxc2 Qb7 20. Ne2 Qa7 21. Bg3 c5 22. bxc5 Bxc5 23. Nf4 d4 24. Nd3 Bb6 25. a4 Rac8 26. Qb2 Ba5 27. axb5 Bc3 28. Rxa6 Qxa6 29. bxa6 Bxb2 30. Nxb2 Rc2 31. Nd3 Ra2 32. Nb4 Ra4 33. Nc6 Bb3 34. Rb1 d3 35. Bf4 Bc2 36. Ne7+ Kf8 0-1